<?xml version="1.0" encoding="UTF-8"?>
<record
    xmlns:xsi="http://www.w3.org/2001/XMLSchema-instance"
    xsi:schemaLocation="http://www.loc.gov/MARC21/slim http://www.loc.gov/standards/marcxml/schema/MARC21slim.xsd"
    xmlns="http://www.loc.gov/MARC21/slim">

  <leader>00765naa a2200145 i 4500</leader>
  <controlfield tag="001">9032</controlfield>
  <controlfield tag="003">KOSZ 005</controlfield>
  <controlfield tag="005">20180315121318.0</controlfield>
  <controlfield tag="008">150518s2004    pl  |  |     |000 ||pol</controlfield>
  <datafield tag="040" ind1=" " ind2=" ">
    <subfield code="c">BPK</subfield>
    <subfield code="d">KOSZ 005/EG</subfield>
  </datafield>
  <datafield tag="100" ind1="1" ind2=" ">
    <subfield code="a">B&#x141;A&#x17B;EJOWSKA, Ma&#x142;gorzata.</subfield>
    <subfield code="d">1996 - .</subfield>
    <subfield code="b">Politechnika Koszali&#x144;ska - Wydzia&#x142; Ekonomii i Zarz&#x105;dzania,</subfield>
    <subfield code="c">Zak&#x142;ad Prawa</subfield>
  </datafield>
  <datafield tag="245" ind1="1" ind2="0">
    <subfield code="a">Poland`s rural areas and the opportunities and challenges of integration with the European Union /</subfield>
    <subfield code="c">Ma&#x142;gorzata B&#x142;a&#x17C;ejowska.</subfield>
  </datafield>
  <datafield tag="773" ind1="0" ind2=" ">
    <subfield code="i">W :</subfield>
    <subfield code="t">Europ&#xE4;ische Union - Osterweiterung : Bedingungen und Perspektiven / Hrsg. Micha&#x142; Jasiulewicz, Bogus&#x142;aw Polak, Franz Stepanek. -</subfield>
    <subfield code="d">Koszalin : Technische Universit&#xE4;t Koszalin ; Greifswald : BWT Dedelow Pomerania, 2004. -</subfield>
    <subfield code="g">s. 221-229</subfield>
  </datafield>
  <datafield tag="942" ind1=" " ind2=" ">
    <subfield code="c">ROZ</subfield>
    <subfield code="2">UKD</subfield>
  </datafield>
  <datafield tag="999" ind1=" " ind2=" ">
    <subfield code="c">9032</subfield>
    <subfield code="d">9032</subfield>
  </datafield>
</record>
